00522cam a2200169 a 4500008004100000020001500041035001200056050002500068100000500093245005200098250001100150260003700161300002700198500005500225650004200280700003000322040525s1992 mx 000 0 spa u a9684932316 aa43728900aHV6813 .5 bF84 1992 a00aFuera de la ley /cAntonio Arellano...[et al.]. a1a ed. aMéxico :bCal y Arena, c1992. axxxi, 160 p. ;c23 cm. aEn la cubierta: La nota roja en México 1982-1990 7aDelitos zMéxico xEstudio de casos1 aArellano, Antonio, coaut.